[Event "HUN-chT1"]
[Site "HUN"]
[Date "1995.??.??"]
[Round "?"]
[White "Tegzes, Laszlo"]
[Black "Sinkovics, Peter"]
[Result "0-1"]
[WhiteElo "2200"]
[BlackElo "2410"]
[PlyCount "22"]
[EventDate "1995.??.??"]
[Source "www.chesslib.no"]
[SourceDate "2004.05.04"]

1. e4 e5 2. f4 d5 3. exd5 c6 4. dxc6 Nxc6 5. Bb5 exf4 6. Nf3 Nf6 7. O-O Qb6+ 8. d4 Qxb5 9. Nc3 Qh5 10. Bxf4 Be6 11. Qe2 O-O-O 0-1

[Event "HUN-SLO U18"]
[Site "Szentgotthard"]
[Date "1995.??.??"]
[Round "?"]
[White "Szuk, Balazs"]
[Black "Markun, Bostjan"]
[Result "1/2-1/2"]
[WhiteElo "2335"]
[BlackElo "2270"]
[PlyCount "84"]
[EventDate "1995.??.??"]
[Source "www.chesslib.no"]
[SourceDate "2004.05.04"]

1. e4 e5 2. f4 d5 3. exd5 c6 4. Qe2 cxd5 5. Qxe5+ Be7 6. b3 Nf6 7. Ba3 Nc6 8. Bxe7 Nxe7 9. Bb5+ Bd7 10. Bxd7+ Qxd7 11. Nf3 O-O 12. O-O Rfe8 13. Qb2 Rac8 14. Ne5 Qf5 15. d3 Ng6 16. g3 Nxe5 17. fxe5 Qxe5 18. Qxe5 Rxe5 19. Na3 Kf8 20. Rae1 Rxe1 21. Rxe1 Rc5 22. c4 Ra5 23. Nb5 Rxa2 24. cxd5 Nxd5 25. Nd6 Nf6 26. Nxb7 Rb2 27. Nc5 Rc2 28. d4 Rd2 29. Ra1 Rxd4 30. Rxa7 Rb4 31. Kf2 Rb5 32. Nd7+ Nxd7 33. Rxd7 Rxb3 34. h4 Ke8 35. Ra7 Rc3 36. Kg2 Rb3 37. Kf2 Kf8 38. Kg2 Rd3 39. Kf2 Rc3 40. Kg2 Ke8 41. Kf2 g6 42. Rb7 Kf8 1/2-1/2

[Event "Ciego de Avila"]
[Site "Ciego de Avila"]
[Date "1997.??.??"]
[Round "9"]
[White "Castellanos, Carlos"]
[Black "Arribas, Maritza"]
[Result "1/2-1/2"]
[WhiteElo "2310"]
[BlackElo "2295"]
[PlyCount "89"]
[EventDate "1997.09.??"]
[Source "ChessBase"]
[SourceDate "1997.11.24"]

1. e4 e5 2. f4 d5 3. exd5 e4 4. Nc3 Nf6 5. d3 Bb4 6. Bd2 e3 7. Bxe3 O-O 8. Bd2 Bxc3 9. bxc3 Re8+ 10. Be2 Bg4 11. Kf2 Bxe2 12. Nxe2 Qxd5 13. Re1 Nc6 14. Kg1 Qc5+ 15. d4 Qf5 16. c4 Qe4 17. c3 Qd3 18. Ng3 Na5 19. f5 Nxc4 20. Bg5 Rxe1+ 21. Qxe1 Re8 22. Qf1 Qxc3 23. Bxf6 gxf6 24. Rc1 Qxd4+ 25. Qf2 Qxf2+ 26. Kxf2 b5 27. Nh5 Re5 28. g4 Kf8 29. Nxf6 Kg7 30. Nh5+ Kf8 31. Nf6 Ke7 32. Nxh7 f6 33. h4 c5 34. a4 Nb2 35. Rb1 Nd3+ 36. Kg3 b4 37. h5 c4 38. h6 c3 39. Ng5 fxg5 40. h7 Re3+ 41. Kh2 c2 42. Rc1 Re2+ 43. Kg3 Re3+ 44. Kh2 Re2+ 45. Kg3 1/2-1/2

[Event "Eger Open"]
[Site "Eger"]
[Date "1989.??.??"]
[Round "?"]
[White "Buecker, Stefan"]
[Black "Schumi, Manfred"]
[Result "1-0"]
[WhiteElo "2335"]
[BlackElo "2260"]
[PlyCount "63"]
[EventDate "1989.??.??"]
[Source "www.chesslib.no"]
[SourceDate "2004.05.04"]

1. f4 e5 2. e4 d5 3. exd5 c6 4. Nf3 exf4 5. dxc6 Nxc6 6. d4 Bd6 7. Bb5 Nge7 8. O-O O-O 9. Nbd2 Bg4 10. c3 Nd5 11. Nc4 Bc7 12. Bxc6 bxc6 13. Qa4 Bxf3 14. Rxf3 g5 15. Qxc6 g4 16. Rf1 Re8 17. Qh6 Re6 18. Qh5 Rg6 19. Ne5 Bxe5 20. Qxe5 f3 21. Bf4 Re6 22. Qf5 fxg2 23. Rf2 Rg6 24. Re1 Rc8 25. Bg3 Nf6 26. Qb5 Qd5 27. Qxd5 Nxd5 28. Rf5 Rd8 29. c4 Nb4 30. d5 Nc2 31. Re4 h6 32. c5 1-0